BIBLIOTHÈQUE DE LA MAISON DU MEXIQUE

Logo 1 Logo 2

Poetas en la noche del mundo (notice nᵒ 4640)

détails MARC
000 -Sello discográfico
campo de control de longitud fija 00949nam a2200313 4500
005 - Identificación de versión
campo de control 20251017062710.0
010 ## - Número Estándar Internacional de Libros (ISBN)
Número (ISBN) 968-36-6114-9
035 ## - Otros números de control del sistema
Número de control del sistema 28525
099 ## - fechas locales
Tipo de ítem Koha LIBRO
100 ## - Datos de procesamiento general
Datos de procesamiento general 20020830d1997 m y1spay5003 ba
105 ## - Campo de datos codificados: Material textual, monográfico
Datos codificados de monografía y 001gy
200 1# - Título y mención de responsabilidad
Título propio Poetas en la noche del mundo
Designación general del material texto impreso
Primer mención de responsabilidad José Vicente Anaya
205 ## - Declaración de edición
Declaración de edición 1a ed
210 ## - Publicación, distribución, etc.
Lugar de publicación, distribución, etc. México
Nombre del editor, distribuidor, etc. Universidad Nacional Autónoma de México, Coordinación de Difusión Cultural
Fecha de publicación, distribución, etc. 1997
215 ## - Descripción física
Designación de material específico y extensión del ítem 296 p
Dimensiones 21 cm
320 ## - Nota de índices/bibliografías internas
Texto de la nota Bibliografía: p.269-296
345 ## - Nota de información de adquisición
Fuente de adquisición/dirección de la suscripción [OBSOLETO] Donación
410 #1 - Series
Título Textos de Difusión Cultural
Nombre de parte o sección Serie Diagonal
606 ## - Término temático usado como materia
Elemento de entrada Poesía mexicana
Subdivisión cronológica Siglo XX
Número Koha 10
660 ## - Código de área geográfica
Código MX
700 ## - Nombre personal - Responsabilidad primaria
Elemento de entrada Anaya Leal
Parte del nombre distinta del elemento de entrada José Vicente
Fechas 1947-2020
Número Koha 8937
801 #0 - Fuente de origen
Agencia cm
900 ## -
-- 1/1959
900 ## -
-- 7100213746\300802
942 ## - ELEMENTOS DE ENTRADA SECUNDARIOS (KOHA)
Tipo de ítem Koha Livre
996 ## -
-- MEX
-- 751145101
-- MMAG
-- 007843
-- 864.4 A536PO
-- 20230331LIV
Exemplaires
Estatus retirado Estado de daño Estado de pérdida Fecha de adquisición Biblioteca de origen Biblioteca actual Ubicación en estantería Código de barras Precio de reemplazo Signatura topográfica completa No para préstamo Tipo de ítem Koha Nota pública Nota no pública
      05/08/2025 Casa México Paris Casa México Paris   007843 05/08/2025 864.4 A536PO   Livre 20230331LIV 751145101